00499 2200193 4500001002100000005001700021035002400038040001200062082001300074084002100087100001400108245006600122260003600188300002000224650001700244850001200261990001600273990001600289YOGYA00000000000500020170314144053.0 0010-081400000004718 aYOPDYOG a808.8387 aK 808.8387 May P aMay, Karl aPemburu Binatang Berburu Tebal di Rio Pecas Jil I/cMay, Karl aJakartabPradnya Paramitac1989 a160 hlmc19 cm. aKarya sastra aYOPDYOG a105814-P/98 a105815-P/98